00659nam a2200205Ia 4500003000400000005001700004008004100021020003000062040001700092082002000109100002200129245007900151260002400230300001800254650001500272700002000287942000900307952012600316999001100442IIN20240201130005.0231217s9999 xx 000 0 und d cRs.1149.00a9788190938525 aIINbEnglish a610.73 bKAU1 aKaur, Lakhwinder  2aA Textbook of Nursing Foundation for B.SccLakhwinder Kaur & Maninder Kaur bPVaJalandharc2019 a[16] 1-816 p.1 aFoundation1 aKaur, Maninder  cBOOK 00102ddc40708Purches BookaIINbIINd2023-12-17g1149.00l0o610.73 KAUp35r2023-12-17 21:32:11w2023-12-17yBOOK c40d40